Retrato actual y antiguo de la muy H.N.L.I. y C. Villa y Corte de Madrid, que comprende la historia desde su fundacion hasta el dia ... / (Record no. 41753)

MARC details
000 -LEADER
campo de control de longitud fija 00997nam a2200217 i 4500
001 - NÚMERO DE CONTROL
campo de control 41753
003 - IDENTIFICADOR DE NÚMERO DE CONTROL
campo de control ES-MaACL
005 - FECHA Y HORA DE LA ÚLTIMA TRANSACCIÓN
campo de control 20230915210259.0
007 - CAMPO FIJO DE DESCRIPCIÓN FÍSICA--INFORMACIÓN GENERAL
campo de control de longitud fija t|
008 - DATOS DE LONGITUD FIJA--INFORMACIÓN GENERAL
campo de control de longitud fija 030311m18301831sp |||| | spa d
100 1# - ENTRADA PRINCIPAL--NOMBRE DE PERSONA
Nombre de persona Castellanos de Losada, Basilio Sebastián,
Fechas asociadas al nombre 1807-1891
9 (RLIN) 36540
245 10 - MENCIÓN DEL TÍTULO
Título Retrato actual y antiguo de la muy H.N.L.I. y C. Villa y Corte de Madrid, que comprende la historia desde su fundacion hasta el dia ... /
Mención de responsabilidad, etc. por D. Basilio Castellanos ... ; tomo primerro [-segundo].
260 ## - PUBLICACIÓN, DISTRIBUCIÓN, ETC.
Lugar de publicación, distribución, etc. Madrid :
Nombre del editor, distribuidor, etc. Eusebio Álvarez,
Fecha de publicación, distribución, etc. 1830-1831 (
Fabricante Imp. T. Jordan)
300 ## - DESCRIPCIÓN FÍSICA
Extensión 2 v. (440 ; [2], 536 p., p.417-461, [1], [1] en bl.) ;
Dimensiones 17 cm.
530 ## - NOTA DISPONIBLE DE FORMULARIO FÍSICO ADICIONAL
Nota de formato físico adicional disponible Disponible en formato digital.
651 #4 - PUNTO DE ACCESO ADICIONAL DE MATERIA--NOMBRE GEOGRÁFICO
Nombre geográfico Madrid-
Subdivisión general Descripción.
9 (RLIN) 8952
651 #4 - PUNTO DE ACCESO ADICIONAL DE MATERIA--NOMBRE GEOGRÁFICO
Nombre geográfico Madrid-
Subdivisión general Historia-
Subdivisión cronológica S.XIX.
9 (RLIN) 8969
852 ## - LOCALIZACIÓN
Encuadernación
Ubicación BA
Número de control de estantería R-2278-79 Olim: G-2079-80
856 ## - LOCALIZACIÓN Y ACCESO ELECTRÓNICOS
Identificador Uniforme de Recursos <a href="http://bvpb.mcu.es/es/consulta/registro.do?id=576575 ">http://bvpb.mcu.es/es/consulta/registro.do?id=576575 </a>
Nota pública Biblioteca Virtual del Patrimonio Bibliográfico
Holdings
Estatus retirado Estado de pérdida Estado de daño No para préstamo Colección Biblioteca de origen Biblioteca actual Ubicación en estantería Fecha de adquisición Fuente de adquisición Total de préstamos Signatura topográfica completa Código de barras Visto por última vez Precio de reemplazo Tipo de ítem Koha
        Colección digital Biblioteca del Ateneo de Madrid Biblioteca del Ateneo de Madrid Depósito 17/01/2008     R-2278-79 1043954 23/02/2023 23/02/2023 Libro impreso antiguo